000 00404nam a2200121Ia 4500
008 171212s9999 xx 000 0 und d
020 _a9780748645756
100 _aLango, John W.
245 _cLango, John W.
_aThe Ethics of Armed Conflict
_bA Cosmopolitan Just War Theory
260 _bEdinburgh University Press
_c2014
650 _aPhilosophy
856 _uhttp://www.jstor.org/stable/10.3366/j.ctt9qdrf3
999 _c351471
_d351471